00743nam a22002177a 450000500170000001000150001702000260003203500130005803700130007108200110008410000180009524500660011326000520017927000630023130000290029450000190032370000190034294200250036199900190038695201200040520160926112848.0 aENG-116087 a9789383575008c695.00 aEN-99619 bDBAD/PUB a796.01 dRoul,Urvarshi aPsychology in sports /cby Urvarshi Roul [and] Agya Jit Singh aNew DelhibSSDN Publishers & Distrubutorsc2014 a5A,Sahani Mansion,Ansari Road,DaryaganjbNew Delhie110002 ax,193p. :billc21cm(Hb) aIncludes index aAgya Jit Singh 2ddccENh796.01mROU c103637d103637 001040708NFICaAVbAVd2016-09-26eDBAD/PUBg695.00l0o796.01 ROUpEN-99619r2016-09-26 00:00:00t1v695.00yEN